[Event "Ciutat Barcelona CAT-ARG 2018"]
[Site "Barcelona"]
[Date "2018.10.14"]
[Round "11"]
[White "Asis Gargatagli, Hipolito"]
[Black "Pichot, Alan"]
[Result "1-0"]
[WhiteElo "2526"]
[BlackElo "2556"]
[Annotator "ChessBase"]
[PlyCount "97"]
[EventDate "2018.10.08"]
[EventCountry "ESP"]
[SourceTitle "playchess.com"]
[Source "ChessBase"]
[SourceQuality "1"]
[TimeControl "900+5"]

1. e4 {[%emt 0:00:00]} c5 {[%emt 0:00:00]} 2. Nf3 {[%emt 0:00:01]} e6 {[%emt 0:00:06]} 3. b3 {[%emt 0:00:23]} b6 {[%emt 0:00:13]} 4. Bd3 {[%emt 0:00:25]} Bb7 {[%emt 0:00:08]} 5. O-O {[%emt 0:00:04]} Nf6 {[%emt 0:00:34]} 6. e5 {[%emt 0:00:16]} Nd5 {[%emt 0:00:10]} 7. Be4 {[%emt 0:00:04]} Ne3 {[%emt 0:01:01]} 8. Bxb7 {[%emt 0:00:16]} Nxd1 {[%emt 0:00:02]} 9. Bxa8 {[%emt 0:00:02]} f5 10. Rxd1 {[%emt 0:02:36]} Na6 {[%emt 0:05:14]} 11. Bb7 {[%emt 0:00:03]} Nb4 {[%emt 0:00:01]} 12. Ne1 {[%emt 0:00:09]} Qc7 {[%emt 0:00:18]} 13. Bf3 {[%emt 0:00:04]} Qxe5 {[%emt 0:00:02]} 14. c3 Nc6 {[%emt 0:01:21]} 15. d4 {[%emt 0:02:35]} cxd4 {[%emt 0:00:03]} 16. Bb2 Bd6 {[%emt 0:02:55]} 17. g3 {[%emt 0:00:08]} O-O {[%emt 0:00:02]} 18. cxd4 {[%emt 0:00:13]} Qf6 {[%emt 0:00:01]} 19. Nd2 {[%emt 0:00:29]} Bb4 {[%emt 0:01:26]} 20. a3 {[%emt 0:01:32]} Bxd2 {[%emt 0:00:37]} 21. Rxd2 {[%emt 0:00:02]} d5 {[%emt 0:00:07]} 22. b4 f4 23. Bg2 {[%emt 0:00:54]} Nd8 {[%emt 0:00:44]} 24. Rc1 {[%emt 0:00:18]} Nf7 {[%emt 0:00:13]} 25. Nf3 {[%emt 0:00:09]} Nd6 {[%emt 0:00:13]} 26. Ne5 {[%emt 0:00:13]} Ne4 {[%emt 0:00:37]} 27. Re2 {[%emt 0:00:28]} Qh6 28. Rce1 {[%emt 0:00:52]} Ng5 {[%emt 0:00:10]} 29. Bc1 {[%emt 0:00:11]} Nh3+ {[%emt 0:00:15]} 30. Bxh3 {[%emt 0:00:09]} Qxh3 {[%emt 0:00:01]} 31. Bxf4 {[%emt 0:00:03]} h6 {[%emt 0:00:16]} 32. f3 {[%emt 0:00:42]} Qf5 33. Rc1 {[%emt 0:00:09]} h5 {[%emt 0:00:40]} 34. h4 {[%emt 0:00:16]} Qh3 {[%emt 0:00:06]} 35. Rh2 {[%emt 0:00:34]} Qf5 {[%emt 0:00:01]} 36. Bg5 {[%emt 0:00:14]} a5 {[%emt 0:00:02]} 37. b5 {[%emt 0:00:03]} Kh7 {[%emt 0:00:07]} 38. Kg2 {[%emt 0:00:14]} Kg8 {[%emt 0:00:07]} 39. Rhh1 {[%emt 0:00:03]} Re8 {[%emt 0:00:13]} 40. Rhe1 Qf8 {[%emt 0:00:02]} 41. Re3 {[%emt 0:00:13]} Kh7 42. g4 {[%emt 0:00:29]} Rc8 {[%emt 0:00:13]} 43. Rc6 {[%emt 0:00:06]} Re8 {[%emt 0:00:07]} 44. Rec3 {[%emt 0:00:18]} hxg4 {[%emt 0:00:05]} 45. fxg4 {[%emt 0:00:01]} a4 {[%emt 0:00:05]} 46. Rf3 {[%emt 0:00:03]} Qh8 {[%emt 0:00:04]} 47. h5 {[%emt 0:00:15]} Rc8 {[%emt 0:00:02]} 48. Ng6 {[%emt 0:00:08]} Qe8 {[%emt 0:00:09]} 49. Rf8 {[%emt 0:00:14]} 1-0

[Event "Ciutat Barcelona CAT-ARG 2018"]
[Site "Barcelona"]
[Date "2018.10.14"]
[Round "11"]
[White "Krysa, Leandro"]
[Black "Diaz Camallonga, Carles"]
[Result "1-0"]
[WhiteElo "2503"]
[BlackElo "2444"]
[Annotator "ChessBase"]
[PlyCount "145"]
[EventDate "2018.10.08"]
[EventCountry "ESP"]
[SourceTitle "playchess.com"]
[Source "ChessBase"]
[SourceQuality "1"]
[TimeControl "900+5"]

1. d4 {[%emt 0:00:00]} d5 {[%emt 0:00:00]} 2. c4 {[%emt 0:00:00]} c6 {[%emt 0:00:00]} 3. cxd5 {[%emt 0:00:00]} cxd5 {[%emt 0:00:00]} 4. Bg5 {[%emt 0:00:01]} Nc6 {[%emt 0:00:00]} 5. Nc3 {[%emt 0:00:02]} Bf5 {[%emt 0:00:28]} 6. e3 {[%emt 0:00:24]} f6 {[%emt 0:00:04]} 7. Bh4 {[%emt 0:00:10]} e6 {[%emt 0:00:04]} 8. Qb3 {[%emt 0:00:38]} Qd7 {[%emt 0:00:05]} 9. Nf3 {[%emt 0:00:38]} Rc8 {[%emt 0:01:01]} 10. Bb5 {[%emt 0:01:28]} Bd6 {[%emt 0:00:38]} 11. O-O {[%emt 0:00:17]} Nge7 {[%emt 0:00:28]} 12. Rfc1 {[%emt 0:00:13]} g5 {[%emt 0:01:18]} 13. Bg3 {[%emt 0:00:04]} h5 {[%emt 0:00:02]} 14. Na4 {[%emt 0:00:18]} h4 {[%emt 0:00:40]} 15. Bxd6 {[%emt 0:00:43]} Qxd6 {[%emt 0:00:01]} 16. Bf1 {[%emt 0:03:49]} b6 {[%emt 0:00:33]} 17. Nc3 {[%emt 0:00:11]} g4 {[%emt 0:01:07]} 18. Ne1 {[%emt 0:00:40]} Kf7 {[%emt 0:00:17]} 19. Nb5 {[%emt 0:00:43]} Qd7 {[%emt 0:00:59]} 20. Qa3 {[%emt 0:00:01]} Kg7 {[%emt 0:00:01]} 21. Nd6 {[%emt 0:00:32]} Rc7 {[%emt 0:00:11]} 22. Rc3 {[%emt 0:00:48]} Na5 {[%emt 0:00:40]} 23. Rac1 {[%emt 0:01:08]} Rxc3 {[%emt 0:00:07]} 24. Rxc3 {[%emt 0:00:01]} g3 {[%emt 0:00:09]} 25. fxg3 {[%emt 0:00:56]} hxg3 {[%emt 0:00:01]} 26. hxg3 {[%emt 0:00:15]} Rd8 {[%emt 0:00:11]} 27. Nb5 {[%emt 0:01:00]} Rc8 {[%emt 0:00:58]} 28. Qd6 {[%emt 0:00:29]} Qxd6 {[%emt 0:00:19]} 29. Nxd6 {[%emt 0:00:02]} Rxc3 {[%emt 0:00:01]} 30. bxc3 {[%emt 0:00:00]} Bb1 {[%emt 0:00:02]} 31. a3 {[%emt 0:00:21]} Nf5 {[%emt 0:00:20]} 32. Nxf5+ {[%emt 0:00:12]} Bxf5 {[%emt 0:00:02]} 33. Kf2 {[%emt 0:00:05]} Nb3 {[%emt 0:00:08]} 34. c4 {[%emt 0:00:29]} Nd2 {[%emt 0:00:14]} 35. cxd5 {[%emt 0:00:13]} exd5 {[%emt 0:00:01]} 36. Bd3 {[%emt 0:00:30]} Bxd3 {[%emt 0:00:47]} 37. Nxd3 {[%emt 0:00:01]} Nb1 {[%emt 0:00:01]} 38. a4 {[%emt 0:00:06]} Nc3 {[%emt 0:00:02]} 39. Nb2 {[%emt 0:00:09]} Kg6 {[%emt 0:00:01]} 40. Kf3 {[%emt 0:00:10]} Kg5 {[%emt 0:00:08]} 41. g4 {[%emt 0:00:03]} a5 {[%emt 0:00:05]} 42. Kg3 {[%emt 0:00:05]} b5 {[%emt 0:03:55]} 43. axb5 {[%emt 0:00:01]} a4 {[%emt 0:00:01]} 44. b6 {[%emt 0:00:01]} a3 {[%emt 0:00:01]} 45. Nd3 {[%emt 0:00:00]} Ne4+ {[%emt 0:00:21]} 46. Kh3 {[%emt 0:00:31]} a2 {[%emt 0:01:32]} 47. b7 {[%emt 0:00:01]} a1=Q {[%emt 0:00:02]} 48. b8=Q {[%emt 0:00:01]} Qh1+ {[%emt 0:00:05]} 49. Qh2 {[%emt 0:00:01]} Qd1 {[%emt 0:00:37]} 50. Qf4+ {[%emt 0:00:17]} Kg6 {[%emt 0:00:01]} 51. Nf2 {[%emt 0:00:19]} Nxf2+ {[%emt 0:00:02]} 52. Qxf2 {[%emt 0:00:01]} Kg7 {[%emt 0:00:09]} 53. Kg3 {[%emt 0:00:02]} Qd3 {[%emt 0:00:09]} 54. Qf3 {[%emt 0:00:02]} Qd2 {[%emt 0:00:07]} 55. g5 {[%emt 0:00:11]} fxg5 {[%emt 0:00:03]} 56. Kg4 {[%emt 0:00:01]} Qd3 {[%emt 0:00:14]} 57. Kxg5 {[%emt 0:00:03]} Qg6+ {[%emt 0:00:01]} 58. Kh4 {[%emt 0:00:01]} Qc6 {[%emt 0:00:06]} 59. Qf5 {[%emt 0:00:15]} Qh6+ {[%emt 0:00:05]} 60. Qh5 {[%emt 0:00:03]} Qc6 {[%emt 0:00:01]} 61. Qg5+ {[%emt 0:00:06]} Kh7 {[%emt 0:00:02]} 62. Qf5+ {[%emt 0:00:04]} Kg7 {[%emt 0:00:01]} 63. Qe5+ {[%emt 0:00:01]} Kh7 {[%emt 0:00:05]} 64. g4 {[%emt 0:00:02]} Qb7 {[%emt 0:00:09]} 65. Kg5 {[%emt 0:00:05]} Qc6 {[%emt 0:00:03]} 66. Qe7+ {[%emt 0:00:04]} Kg8 {[%emt 0:00:02]} 67. Qf6 {[%emt 0:00:03]} Qd7 {[%emt 0:00:03]} 68. Qg6+ {[%emt 0:00:11]} Kh8 {[%emt 0:00:02]} 69. Qf5 {[%emt 0:00:05]} Qb7 {[%emt 0:00:02]} 70. Kf6 {[%emt 0:00:09]} Qf7+ {[%emt 0:00:26]} 71. Ke5 {[%emt 0:00:06]} Qb7 {[%emt 0:00:02]} 72. Kd6 {[%emt 0:00:07]} Kg7 {[%emt 0:00:09]} 73. Qd7+ {[%emt 0:00:04]} 1-0

[Event "Ciutat Barcelona CAT-ARG 2018"]
[Site "Barcelona"]
[Date "2018.10.14"]
[Round "12"]
[White "Mareco, Sandro"]
[Black "Guerra Mendez, Jose Angel"]
[Result "1/2-1/2"]
[WhiteElo "2653"]
[BlackElo "2534"]
[Annotator "TA"]
[PlyCount "23"]
[EventDate "2018.10.08"]
[EventCountry "ESP"]
[SourceTitle "playchess.com"]
[Source "ChessBase"]
[SourceQuality "1"]

{[%evp 13,23,6,32,26,26,22,29,22,31,26,35,35]} 1. Nf3 Nf6 2. c4 b6 3. g3 Bb7 4. Bg2 e6 5. b3 Be7 6. Bb2 O-O 7. O-O d6 8. e3 {A05: Réti Opening: 1 Nf3 Nf6} Nbd7 9. Qe2 c5 10. d4 (10. Nc3 Ne4 11. Nxe4 Bxe4 12. d3 Bb7 13. e4 a6 14. d4 cxd4 15. Nxd4 Qc7 16. Nc2 Rfe8 17. Ne3 Bf6 18. Rfd1 Red8 19. Rac1 Rac8 20. Ba3 Be7 {0-1 (66) Rakhmanov,A (2669)-Georgiev,K (2631) Banja Vrujci 2017}) 10... Qc7 11. Nc3 Rac8 12. Rad1 $146 ({Predecessor:} 12. Rfd1 Qb8 13. e4 Qa8 14. d5 exd5 15. exd5 Rfe8 16. Qd2 a6 17. a4 Qb8 18. Ng5 {1-0 (43) Alonso,M (2214)-Uribe Arteaga,D (2023) Lorca 2005}) 1/2-1/2

[Event "Ciutat Barcelona CAT-ARG 2018"]
[Site "Barcelona"]
[Date "2018.10.14"]
[Round "12"]
[White "Peralta, Fernando"]
[Black "Asis Gargatagli, Hipolito"]
[Result "1/2-1/2"]
[WhiteElo "2582"]
[BlackElo "2526"]
[Annotator "ChessBase"]
[PlyCount "59"]
[EventDate "2018.10.08"]
[EventCountry "ESP"]
[SourceTitle "playchess.com"]
[Source "ChessBase"]
[SourceQuality "1"]
[TimeControl "900+5"]

1. d4 {[%emt 0:00:00]} Nf6 {[%emt 0:00:00]} 2. c4 {[%emt 0:00:00]} g6 {[%emt 0:00:00]} 3. Nc3 {[%emt 0:00:11]} d5 {[%emt 0:00:02]} 4. cxd5 {[%emt 0:00:05]} Nxd5 {[%emt 0:00:01]} 5. e4 {[%emt 0:00:02]} Nxc3 {[%emt 0:00:02]} 6. bxc3 {[%emt 0:00:02]} Bg7 {[%emt 0:00:02]} 7. Bc4 {[%emt 0:00:14]} c5 {[%emt 0:00:04]} 8. Ne2 {[%emt 0:00:02]} Nc6 {[%emt 0:00:02]} 9. Be3 {[%emt 0:00:02]} O-O {[%emt 0:00:08]} 10. O-O {[%emt 0:00:02]} Bg4 {[%emt 0:00:02]} 11. f3 {[%emt 0:00:10]} Bd7 {[%emt 0:00:02]} 12. Rb1 {[%emt 0:00:32]} Rc8 {[%emt 0:00:06]} 13. Bd3 {[%emt 0:00:30]} Qc7 {[%emt 0:00:03]} 14. d5 {[%emt 0:01:57]} Ne5 {[%emt 0:00:17]} 15. c4 {[%emt 0:00:23]} b5 {[%emt 0:02:20]} 16. cxb5 {[%emt 0:00:15]} c4 {[%emt 0:00:03]} 17. Bc2 {[%emt 0:00:14]} e6 {[%emt 0:02:05]} 18. d6 {[%emt 0:02:16]} Qa5 {[%emt 0:00:16]} 19. Bd4 {[%emt 0:02:49]} Bxb5 {[%emt 0:01:00]} 20. Bc3 {[%emt 0:00:05]} Qa6 {[%emt 0:01:35]} 21. a4 {[%emt 0:00:18]} Bd7 {[%emt 0:00:12]} 22. Qd2 {[%emt 0:01:48]} Nd3 {[%emt 0:00:18]} 23. Bxg7 {[%emt 0:00:05]} Kxg7 {[%emt 0:00:03]} 24. Qc3+ {[%emt 0:01:37]} e5 {[%emt 0:00:06]} 25. Qa3 {[%emt 0:01:22]} Rc6 {[%emt 0:00:43]} 26. Rfd1 {[%emt 0:00:23]} Rxd6 {[%emt 0:00:18]} 27. Nc1 {[%emt 0:00:01]} Rd4 {[%emt 0:01:07]} 28. Ne2 {[%emt 0:00:06]} Rd6 {[%emt 0:00:50]} 29. Nc1 {[%emt 0:00:05]} Rd4 {[%emt 0:00:47]} 30. Ne2 {[%emt 0:00:02]} 1/2-1/2

[Event "Ciutat Barcelona CAT-ARG 2018"]
[Site "Barcelona"]
[Date "2018.10.14"]
[Round "12"]
[White "Lopez Martinez, Josep Manuel"]
[Black "Krysa, Leandro"]
[Result "0-1"]
[WhiteElo "2581"]
[BlackElo "2503"]
[Annotator "ChessBase"]
[PlyCount "120"]
[EventDate "2018.10.08"]
[EventCountry "ESP"]
[SourceTitle "playchess.com"]
[Source "ChessBase"]
[SourceQuality "1"]
[TimeControl "900+5"]

1. d4 {[%emt 0:00:00]} Nf6 {[%emt 0:00:00]} 2. c4 {[%emt 0:00:00]} g6 {[%emt 0:00:00]} 3. g3 {[%emt 0:00:24]} Bg7 {[%emt 0:00:05]} 4. Bg2 {[%emt 0:00:02]} d5 {[%emt 0:00:02]} 5. cxd5 {[%emt 0:00:16]} Nxd5 {[%emt 0:00:01]} 6. Nf3 {[%emt 0:00:06]} Nb6 {[%emt 0:00:02]} 7. O-O {[%emt 0:00:06]} Nc6 {[%emt 0:00:04]} 8. Nc3 {[%emt 0:00:08]} Nxd4 {[%emt 0:01:24]} 9. Nxd4 {[%emt 0:00:15]} Qxd4 {[%emt 0:00:22]} 10. Qxd4 {[%emt 0:02:12]} Bxd4 {[%emt 0:00:01]} 11. Nb5 {[%emt 0:00:02]} Be5 {[%emt 0:00:05]} 12. f4 {[%emt 0:00:50]} Bd6 {[%emt 0:00:07]} 13. Nxd6+ {[%emt 0:00:45]} exd6 {[%emt 0:00:46]} 14. e4 {[%emt 0:00:16]} Bd7 {[%emt 0:00:31]} 15. b3 {[%emt 0:00:06]} Bc6 {[%emt 0:00:23]} 16. Bb2 {[%emt 0:00:08]} O-O {[%emt 0:00:02]} 17. Rac1 {[%emt 0:00:14]} Rfe8 {[%emt 0:00:37]} 18. Rfe1 {[%emt 0:00:50]} Nd7 {[%emt 0:00:36]} 19. Bd4 {[%emt 0:01:15]} f6 {[%emt 0:01:47]} 20. b4 {[%emt 0:00:15]} a6 {[%emt 0:00:31]} 21. Re3 {[%emt 0:01:20]} Rac8 {[%emt 0:01:45]} 22. Rec3 {[%emt 0:00:09]} Kf7 {[%emt 0:00:42]} 23. Kf2 {[%emt 0:01:09]} h5 {[%emt 0:01:51]} 24. a4 {[%emt 0:00:35]} Bxe4 {[%emt 0:01:16]} 25. Rxc7 {[%emt 0:00:17]} Rxc7 {[%emt 0:00:14]} 26. Rxc7 {[%emt 0:00:02]} Bxg2 {[%emt 0:00:03]} 27. Kxg2 {[%emt 0:00:03]} Ke6 {[%emt 0:00:04]} 28. Rxb7 {[%emt 0:00:08]} Rb8 {[%emt 0:00:17]} 29. Rxb8 {[%emt 0:00:12]} Nxb8 {[%emt 0:00:02]} 30. Kf3 {[%emt 0:00:10]} f5 {[%emt 0:00:45]} 31. Ke2 {[%emt 0:00:17]} Kd5 {[%emt 0:00:08]} 32. Kd3 {[%emt 0:00:03]} Nc6 {[%emt 0:00:11]} 33. Bc3 {[%emt 0:00:02]} Nb8 {[%emt 0:00:40]} 34. Bd2 {[%emt 0:00:13]} Nd7 {[%emt 0:00:11]} 35. Be3 {[%emt 0:00:23]} Nf6 {[%emt 0:00:16]} 36. Bf2 {[%emt 0:00:43]} Ng4 {[%emt 0:00:14]} 37. Bg1 {[%emt 0:00:04]} Nf6 {[%emt 0:00:01]} 38. b5 {[%emt 0:01:16]} axb5 {[%emt 0:00:04]} 39. axb5 {[%emt 0:00:01]} Nd7 {[%emt 0:00:59]} 40. Kc3 {[%emt 0:00:06]} Ke4 {[%emt 0:00:22]} 41. Ba7 {[%emt 0:00:35]} d5 {[%emt 0:00:38]} 42. Bd4 {[%emt 0:00:24]} h4 {[%emt 0:00:00]} 43. gxh4 {[%emt 0:00:25]} Kxf4 {[%emt 0:00:01]} 44. b6 {[%emt 0:00:01]} Kg4 {[%emt 0:00:19]} 45. b7 {[%emt 0:00:03]} f4 {[%emt 0:00:06]} 46. Kb4 {[%emt 0:00:03]} Kf5 {[%emt 0:00:04]} 47. Kb5 {[%emt 0:00:03]} f3 {[%emt 0:00:02]} 48. Kc6 {[%emt 0:00:12]} Ke6 {[%emt 0:00:07]} 49. Kc7 {[%emt 0:00:06]} Ke7 {[%emt 0:00:03]} 50. h3 {[%emt 0:01:21]} Ke6 {[%emt 0:00:01]} 51. Bf2 {[%emt 0:00:16]} Ke7 {[%emt 0:00:02]} 52. Kc6 {[%emt 0:00:12]} Ke6 {[%emt 0:00:03]} 53. Ba7 {[%emt 0:00:05]} Ne5+ {[%emt 0:00:12]} 54. Kb5 {[%emt 0:00:05]} Nd7 {[%emt 0:00:01]} 55. Bf2 {[%emt 0:00:04]} Kd6 {[%emt 0:00:06]} 56. Bg3+ {[%emt 0:00:01]} Ke6 {[%emt 0:00:00]} 57. Bf2 {[%emt 0:00:16]} Kd6 {[%emt 0:00:01]} 58. Ka6 {[%emt 0:00:05]} Kc6 {[%emt 0:00:09]} 59. Ka7 {[%emt 0:00:05]} Kb5 {[%emt 0:00:02]} 60. Be1 {[%emt 0:00:08]} d4 {[%emt 0:00:04]} 0-1

[Event "Ciutat Barcelona CAT-ARG 2018"]
[Site "Barcelona"]
[Date "2018.10.14"]
[Round "12"]
[White "Pichot, Alan"]
[Black "Alonso Rosell, Alvar"]
[Result "0-1"]
[WhiteElo "2556"]
[BlackElo "2526"]
[Annotator "ChessBase"]
[PlyCount "71"]
[EventDate "2018.10.08"]
[EventCountry "ESP"]
[SourceTitle "playchess.com"]
[Source "ChessBase"]
[SourceQuality "1"]
[TimeControl "900+5"]

1. e4 {[%emt 0:00:00]} e5 {[%emt 0:00:00]} 2. Nf3 {[%emt 0:00:00]} Nc6 {[%emt 0:00:00]} 3. Bb5 {[%emt 0:00:01]} a6 {[%emt 0:00:00]} 4. Ba4 {[%emt 0:00:01]} d6 {[%emt 0:00:00]} 5. O-O {[%emt 0:00:05]} Bd7 {[%emt 0:00:02]} 6. c4 {[%emt 0:00:11]} Nf6 {[%emt 0:00:08]} 7. Nc3 {[%emt 0:00:01]} Be7 {[%emt 0:00:01]} 8. Bxc6 {[%emt 0:00:52]} bxc6 {[%emt 0:01:08]} 9. d4 {[%emt 0:00:13]} exd4 {[%emt 0:00:01]} 10. Nxd4 {[%emt 0:00:02]} O-O {[%emt 0:00:04]} 11. Qf3 {[%emt 0:01:11]} Re8 {[%emt 0:09:19]} 12. b3 c5 13. Nf5 {[%emt 0:00:31]} Bxf5 {[%emt 0:00:08]} 14. Qxf5 {[%emt 0:00:39]} Nd7 {[%emt 0:00:05]} 15. Nd5 {[%emt 0:00:08]} Bf6 {[%emt 0:00:03]} 16. Rb1 Bd4 17. Bg5 {[%emt 0:00:59]} f6 {[%emt 0:01:42]} 18. Bd2 {[%emt 0:00:14]} Re5 {[%emt 0:00:49]} 19. Qf3 {[%emt 0:00:09]} c6 {[%emt 0:00:05]} 20. Nf4 {[%emt 0:01:00]} Qe7 {[%emt 0:00:26]} 21. Ne2 {[%emt 0:01:14]} Re8 {[%emt 0:00:48]} 22. Ng3 {[%emt 0:00:15]} g6 {[%emt 0:00:06]} 23. Bc3 Re6 {[%emt 0:00:52]} 24. Qd3 {[%emt 0:01:37]} Ne5 {[%emt 0:00:52]} 25. Qd2 {[%emt 0:00:07]} Bxc3 {[%emt 0:00:11]} 26. Qxc3 {[%emt 0:00:01]} Nf7 27. f4 {[%emt 0:00:32]} Nh6 {[%emt 0:00:05]} 28. Qd3 {[%emt 0:01:58]} f5 {[%emt 0:00:08]} 29. exf5 {[%emt 0:03:31]} Re3 {[%emt 0:00:01]} 30. Qc2 {[%emt 0:00:01]} Qh4 {[%emt 0:00:01]} 31. fxg6 {[%emt 0:00:01]} Ng4 32. gxh7+ {[%emt 0:00:01]} Kh8 33. Qb2+ R8e5 {[%emt 0:00:04]} 34. h3 {[%emt 0:00:07]} Qxg3 {[%emt 0:00:03]} 35. hxg4 {[%emt 0:00:01]} Re2 {[%emt 0:00:01]} 36. fxe5 0-1

[Event "Ciutat Barcelona CAT-ARG 2018"]
[Site "Barcelona"]
[Date "2018.10.14"]
[Round "12"]
[White "Diaz Camallonga, Carles"]
[Black "Perez Ponsa, Federico"]
[Result "1/2-1/2"]
[WhiteElo "2444"]
[BlackElo "2554"]
[Annotator "ChessBase"]
[PlyCount "190"]
[EventDate "2018.10.08"]
[EventCountry "ESP"]
[SourceTitle "playchess.com"]
[Source "ChessBase"]
[SourceQuality "1"]
[TimeControl "900+5"]

1. e4 {[%emt 0:00:00]} c5 {[%emt 0:00:00]} 2. Nf3 {[%emt 0:00:00]} d6 {[%emt 0:00:00]} 3. Bb5+ {[%emt 0:00:00]} Nd7 {[%emt 0:00:00]} 4. d4 {[%emt 0:00:01]} cxd4 {[%emt 0:00:02]} 5. Qxd4 {[%emt 0:00:02]} a6 {[%emt 0:00:01]} 6. Bxd7+ {[%emt 0:00:02]} Bxd7 {[%emt 0:00:02]} 7. c4 {[%emt 0:00:01]} Nf6 {[%emt 0:00:03]} 8. Bg5 {[%emt 0:00:01]} e6 9. Nc3 {[%emt 0:00:10]} h6 {[%emt 0:00:33]} 10. Bh4 e5 {[%emt 0:00:31]} 11. Qd3 {[%emt 0:00:13]} g5 {[%emt 0:00:02]} 12. Bg3 {[%emt 0:00:11]} Rc8 {[%emt 0:00:23]} 13. O-O {[%emt 0:00:01]} Qc7 {[%emt 0:00:19]} 14. Nd2 {[%emt 0:00:21]} Be7 {[%emt 0:00:40]} 15. Rfd1 Be6 {[%emt 0:00:20]} 16. Nd5 {[%emt 0:00:47]} Nxd5 {[%emt 0:00:07]} 17. cxd5 {[%emt 0:00:04]} Bd7 {[%emt 0:00:08]} 18. Nf1 {[%emt 0:00:57]} h5 {[%emt 0:00:49]} 19. h3 Qc2 {[%emt 0:01:11]} 20. Rd2 {[%emt 0:01:33]} Qxd3 {[%emt 0:00:28]} 21. Rxd3 f5 {[%emt 0:00:21]} 22. exf5 {[%emt 0:00:32]} Bxf5 {[%emt 0:00:02]} 23. Rdd1 {[%emt 0:00:01]} Kd7 {[%emt 0:00:25]} 24. Ne3 {[%emt 0:00:03]} Bg6 {[%emt 0:00:04]} 25. Rac1 Rxc1 {[%emt 0:00:20]} 26. Rxc1 {[%emt 0:00:04]} Bd8 27. f3 {[%emt 0:01:05]} Bb6 {[%emt 0:00:08]} 28. Bf2 {[%emt 0:00:01]} Bf7 {[%emt 0:00:20]} 29. Nf5 {[%emt 0:00:48]} Bd8 {[%emt 0:01:38]} 30. Ne3 {[%emt 0:00:12]} Re8 {[%emt 0:00:42]} 31. Rc4 b5 32. Rc6 {[%emt 0:02:50]} Bxd5 {[%emt 0:00:19]} 33. Rxa6 {[%emt 0:00:09]} Bb7 {[%emt 0:00:11]} 34. Ra7 {[%emt 0:00:27]} Kc8 35. Nf5 {[%emt 0:00:13]} Bc7 {[%emt 0:00:18]} 36. Ra3 {[%emt 0:00:04]} Rf8 {[%emt 0:00:41]} 37. Ng3 {[%emt 0:00:25]} g4 {[%emt 0:00:39]} 38. fxg4 {[%emt 0:00:34]} hxg4 {[%emt 0:00:02]} 39. hxg4 {[%emt 0:00:03]} Rg8 40. Rb3 Bc6 {[%emt 0:01:02]} 41. Nf5 {[%emt 0:00:51]} Rxg4 {[%emt 0:00:04]} 42. Ne7+ {[%emt 0:00:02]} Kd7 {[%emt 0:00:01]} 43. Nxc6 {[%emt 0:00:01]} Kxc6 {[%emt 0:00:01]} 44. Rc3+ {[%emt 0:00:02]} Kd7 {[%emt 0:00:20]} 45. b3 {[%emt 0:00:18]} Bd8 46. Rg3 {[%emt 0:00:35]} Re4 {[%emt 0:00:24]} 47. Kf1 {[%emt 0:00:29]} b4 {[%emt 0:00:32]} 48. Rg7+ {[%emt 0:00:14]} Ke6 {[%emt 0:00:27]} 49. g3 {[%emt 0:01:42]} Be7 {[%emt 0:00:06]} 50. Rg8 {[%emt 0:00:54]} d5 {[%emt 0:00:33]} 51. Rc8 d4 {[%emt 0:00:01]} 52. Rc4 {[%emt 0:00:15]} Kd5 {[%emt 0:00:10]} 53. Rc2 {[%emt 0:00:30]} Rg4 {[%emt 0:00:31]} 54. Ke2 {[%emt 0:00:54]} e4 55. Rc7 {[%emt 0:00:05]} Bd6 {[%emt 0:00:50]} 56. Rd7 {[%emt 0:00:14]} Ke6 57. Rd8 {[%emt 0:00:09]} Ke7 {[%emt 0:00:48]} 58. Rc8 e3 {[%emt 0:00:46]} 59. Be1 {[%emt 0:00:12]} Bxg3 {[%emt 0:00:12]} 60. Bxb4+ Kd7 61. Rc4 {[%emt 0:00:11]} Be5 {[%emt 0:00:11]} 62. Kd3 {[%emt 0:00:22]} Ke6 63. Rc8 Kd7 {[%emt 0:01:05]} 64. Rc5 {[%emt 0:00:10]} Ke6 {[%emt 0:00:05]} 65. Rc8 Rg1 66. Re8+ {[%emt 0:00:04]} Kf6 {[%emt 0:00:23]} 67. Rf8+ Ke6 {[%emt 0:00:03]} 68. Re8+ {[%emt 0:00:04]} Kf6 {[%emt 0:00:00]} 69. Rf8+ {[%emt 0:00:01]} Kg7 70. Rf5 Bf6 {[%emt 0:00:03]} 71. Ra5 {[%emt 0:00:19]} Rd1+ {[%emt 0:00:09]} 72. Ke2 Rb1 {[%emt 0:00:12]} 73. Kd3 {[%emt 0:00:05]} Kf7 {[%emt 0:00:09]} 74. Ra6 {[%emt 0:00:12]} Rd1+ 75. Ke2 {[%emt 0:00:01]} Rb1 {[%emt 0:00:10]} 76. Kd3 {[%emt 0:00:01]} Be5 {[%emt 0:00:02]} 77. Ke4 {[%emt 0:00:07]} Bg7 {[%emt 0:00:08]} 78. Kd3 Bf6 {[%emt 0:00:02]} 79. Ra4 {[%emt 0:00:10]} Rb2 {[%emt 0:00:05]} 80. Ra6 {[%emt 0:00:02]} Bh4 {[%emt 0:00:07]} 81. Kxd4 {[%emt 0:00:23]} e2 {[%emt 0:00:01]} 82. Kd3 {[%emt 0:00:02]} e1=Q {[%emt 0:00:05]} 83. Bxe1 {[%emt 0:00:02]} Bxe1 84. Ra4 Bg3 {[%emt 0:00:12]} 85. Ke3 {[%emt 0:00:02]} Bd6 86. Kd3 {[%emt 0:00:02]} Ke6 {[%emt 0:00:05]} 87. Re4+ {[%emt 0:00:05]} Kd5 {[%emt 0:00:04]} 88. Rd4+ {[%emt 0:00:03]} Kc6 {[%emt 0:00:01]} 89. Ra4 {[%emt 0:00:02]} Rh2 {[%emt 0:00:03]} 90. Kc3 {[%emt 0:00:04]} Bc5 {[%emt 0:00:03]} 91. Kc4 Rc2+ {[%emt 0:00:07]} 92. Kd3 {[%emt 0:00:05]} Rc1 {[%emt 0:00:02]} 93. Rc4 {[%emt 0:00:05]} Rd1+ {[%emt 0:00:01]} 94. Kc2 {[%emt 0:00:01]} Rd4 {[%emt 0:00:26]} 95. Rxd4 {[%emt 0:00:02]} Bxd4 {[%emt 0:00:01]} 1/2-1/2